| 000 | 00000nam 2200000zi 4500 |
| 001 | 9.915405 |
| 003 | CaOODSP |
| 005 | 20231011160807 |
| 006 | m o d f |
| 007 | cr ||||||||||| |
| 008 | 220914e202212##quc o f000 0 fre d |
| 020 | |a9780660454658|q(rapport) |
| 020 | |a9780660454665|q(sommaire) |
| 040 | |aCaOODSP|bfre|erda|cCaOODSP |
| 041 | |afre|beng |
| 043 | |an-cn--- |
| 086 | 1 |aR62-588/1-2023F-PDF |
| 086 | 1 |aR62-588/2-2023F-PDF |
| 245 | 00|aÉtude récréative (sur les parcs nationaux) : |brapport méthodologique / |cprépare pour l’Agence de Parcs Canada. |
| 264 | 1|a[Gatineau, QC] : |bParcs Canada = Parks Canada, |cDécembre 2022. |
| 264 | 4|c©2022 |
| 300 | |a1 ressource en ligne (24 pages) + |esommaire (3 pages non numérotées) |
| 336 | |atexte|btxt|2rdacontent/fre |
| 337 | |ainformatique|bc|2rdamedia/fre |
| 338 | |aressource en ligne|bcr|2rdacarrier/fre |
| 500 | |aPublié aussi en anglais sous le titre : Recreation study (national parks) : methods report. |
| 500 | |a« Fournisseur : Advanis. » |
| 500 | |a« No du contrat : 5P004-22-0154. » |
| 500 | |a« No d’inscription : POR 043-22. » |
| 546 | |aComprend du texte en anglais. |
| 650 | 6|aParcs nationaux|zCanada|xOpinion publique. |
| 650 | 6|aOpinion publique|zCanada. |
| 710 | 2 |aParcs Canada, |eorganisme de publication. |
| 710 | 2 |aAdvanis (Firme), |econsultant. |
| 775 | 08|tRecreation study (national parks) : |w(CaOODSP)9.915404 |
| 856 | 40|qPDF|s1.39 Mo|uhttps://publications.gc.ca/collections/collection_2023/pc/R62-588-1-2023-fra.pdf|zRapport |
| 856 | 40|qPDF|s904 Ko|uhttps://publications.gc.ca/collections/collection_2023/pc/R62-588-2-2023-fra.pdf|zSommaire |